Pays ayant le plus d’universités dans le top 100 mondial - Statistiques

Statistiques générales
  • Ce quiz a été pris 888 fois
  • Le résultat moyen est 16 sur 18
Statistiques - réponses
Nombre d'universités Continent Pays % Correct
37 Amérique du Nord Etats-Unis
100%
4 Europe France
100%
3 Amérique du Nord Canada
99%
15 Asie Chine
99%
4 Europe Allemagne
98%
5 Océanie Australie
98%
8 Europe Royaume-Uni
98%
2 Asie Japon
97%
3 Europe Suède
91%
5 Europe Suisse
90%
1 Asie Corée du Sud
88%
1 Europe Norvège
87%
2 Europe Belgique
85%
2 Europe Pays-Bas
83%
1 Europe Finlande
82%
2 Europe Danemark
80%
2 Asie Singapour
68%
3 Asie Israël
49%
Aucun quiz correspondant
Distribution des résultats
% des personnes avec chaque résultat
Percentile par nombre de réponses
Votre historique - résultats
Vous n’avez pas pris ce quiz